[Event "AUTO-OPEN-2074"]
[Site "http://www.queenalice.com/game.php?id=819010"]
[Date "2010.8.16"]
[Round "1"]
[White "gmvilela"]
[Black "cruiseymorph"]
[Result "1-0"]
[WhiteElo "2089"]
[BlackElo "1839"]

1. e4 g6 2. d4 d6 3. f4 Bg7 4. Nf3 Nf6 5. Nc3 O-O 6. Bd3 Nc6 7. O-O Bg4 8. Be3
e6 9. h3 Bxf3 10. Qxf3 Nd7 11. Qf2 a6 12. g4 Ne7 13. f5 exf5 14. exf5 c5 15. Ne4
cxd4 16. Bxd4 Bxd4 17. Qxd4 d5 18. Nf6+ Nxf6 19. Qxf6 Rc8 20. fxg6 fxg6 21. Qe6+
Kg7 22. Rxf8 Qxf8 23. Rf1 Rc6 24. Qe5+ Rf6 25. g5 Nc6 26. Qxf6+ 1-0

[Event "AUTO-OPEN-2074"]
[Site "http://www.queenalice.com/game.php?id=819011"]
[Date "2010.8.16"]
[Round "1"]
[White "cruiseymorph"]
[Black "gmvilela"]
[Result "0-1"]
[WhiteElo "1758"]
[BlackElo "2128"]

1. e4 c5 2. f4 d5 3. e5 Nc6 4. c3 h5 5. Nf3 Bf5 6. d4 e6 7. Be2 cxd4 8. Nxd4
Nxd4 9. cxd4 Bb4+ 10. Nc3 Ne7 11. O-O g6 12. Bd3 Qb6 13. Bxf5 Nxf5 14. Ne2 O-O
15. a3 Be7 16. b4 Rac8 17. Bd2 Rc4 18. Bc3 Rfc8 19. Qd3 Bd8 20. a4 Qc6 21. Rfc1
Bb6 22. a5 Rxc3 23. Rxc3 Bxd4+ 24. Nxd4 Qxc3 25. Qxc3 Rxc3 26. Nxf5 gxf5 27. a6
b6 28. Rb1 Rc4 29. g3 f6 30. Kf2 fxe5 31. fxe5 Kf7 32. Kf3 Ke7 33. Rb2 Kd7 34.
b5 Re4 0-1

[Event "AUTO-OPEN-2074"]
[Site "http://www.queenalice.com/game.php?id=819034"]
[Date "2010.8.16"]
[Round "1"]
[White "cruiseymorph"]
[Black "JAA"]
[Result "1-0"]
[WhiteElo "1726"]
[BlackElo "2027"]

1. e4 e5 2. f4 Bc5 3. Nf3 d6 4. Bc4 Nf6 5. b4 Bxb4 6. c3 Bc5 7. fxe5 Nxe4 8.
Qa4+ Nc6 9. Bxf7+ Kxf7 10. Qxe4 h6 11. d4 Bb6 12. O-O Kg8 13. Bf4 Ne7 14. Nh4
Be6 15. exd6 1-0

[Event "AUTO-OPEN-2074"]
[Site "http://www.queenalice.com/game.php?id=819035"]
[Date "2010.8.16"]
[Round "1"]
[White "JAA"]
[Black "cruiseymorph"]
[Result "1-0"]
[WhiteElo "1997"]
[BlackElo "1756"]

1. e4 g6 2. d4 d6 3. Nf3 Bg7 4. Bc4 Nf6 5. Nc3 O-O 6. e5 dxe5 7. Nxe5 Nbd7 8.
O-O Nxe5 9. dxe5 Ng4 10. e6 Qxd1 11. exf7+ Kh8 12. Rxd1 Ne5 13. Bb3 Nxf7 14. Nd5
Bg4 15. f3 Bf5 16. Nxe7 Nd6 17. c3 Rae8 18. Nd5 c6 19. Nf4 Nf7 20. Bd2 Ne5 21.
Re1 c5 22. Re3 Bh6 23. g3 Bxf4 24. gxf4 Nc6 25. Bd5 Kg7 26. Rae1 Rd8 27. Bxc6
Rxd2 28. Re7+ Rf7 29. Bxb7 Bh3 30. b4 cxb4 31. cxb4 Rg2+ 32. Kh1 Rb2 33. a3 Rxe7
34. Rxe7+ Kf6 35. Re1 a5 36. Bd5 axb4 37. axb4 Rxb4 38. Be4 Ra4 39. Kg1 Ra2 40.
Bd3 Rg2+ 41. Kh1 Rd2 42. Be4 1-0

[Event "AUTO-OPEN-2074"]
[Site "http://www.queenalice.com/game.php?id=819036"]
[Date "2010.8.16"]
[Round "1"]
[White "cruiseymorph"]
[Black "Lopesq"]
[Result "0-1"]
[WhiteElo "1846"]
[BlackElo "1911"]

1. e4 c5 2. f4 Nc6 3. Nf3 a6 4. Bc4 e6 5. d4 cxd4 6. Nxd4 Nxd4 7. Qxd4 d6 8. O-O
Nf6 9. Nc3 Be7 10. e5 dxe5 11. Qxe5 O-O 12. a3 Ng4 13. Qe4 Bc5+ 14. Kh1 Nf2+ 15.
Rxf2 Bxf2 16. Bd3 g6 17. b4 Bh4 18. Bb2 Re8 19. Qe5 Bf6 0-1

[Event "AUTO-OPEN-2074"]
[Site "http://www.queenalice.com/game.php?id=819037"]
[Date "2010.8.16"]
[Round "1"]
[White "Lopesq"]
[Black "cruiseymorph"]
[Result "1-0"]
[WhiteElo "1924"]
[BlackElo "1833"]

1. Nf3 Nf6 2. d4 g6 3. c3 d6 4. Nbd2 Bg7 5. e3 O-O 6. Be2 Nbd7 7. O-O b6 8. e4
Bb7 9. d5 c6 10. dxc6 Bxc6 11. Bd3 Qc7 12. Re1 Nc5 13. Bc2 Qb7 14. Qe2 Bh6 15.
b4 Bxd2 16. Nxd2 Ne6 17. a4 Rac8 18. b5 Bd7 19. Bb2 Nd4 20. Qd1 Ne6 21. c4 Nh5
22. f3 Nc5 23. Nf1 1-0

[Event "AUTO-BEG-398"]
[Site "http://www.queenalice.com/game.php?id=821275"]
[Date "2010.8.21"]
[Round "2"]
[White "cruiseymorph"]
[Black "marcelouco"]
[Result "0-1"]
[WhiteElo "1821"]
[BlackElo "1749"]

1. e4 e5 2. f4 exf4 3. Nf3 d5 4. exd5 Qxd5 5. Nc3 Qc6 6. d4 Bg4 7. Be2 f6 8.
Bxf4 Nd7 9. O-O g5 10. Bb5 Bxf3 11. Rxf3 Qb6 12. a4 gxf4 13. Bxd7+ Kxd7 14. Rxf4
Bd6 15. Qg4+ Kd8 16. Re4 Ne7 17. Qg7 Rg8 18. Qxf6 Qxb2 19. Rae1 Qxc2 20. Qf3 Kd7
21. g3 Raf8 22. Qe3 Nf5 23. Qc1 Qxc1 24. Rxc1 h5 0-1

[Event "AUTO-BEG-398"]
[Site "http://www.queenalice.com/game.php?id=821276"]
[Date "2010.8.21"]
[Round "2"]
[White "marcelouco"]
[Black "cruiseymorph"]
[Result "0-1"]
[WhiteElo "1759"]
[BlackElo "1833"]

1. e4 e5 2. Nf3 Nc6 3. Bc4 Nf6 4. Ng5 d5 5. exd5 Na5 6. Qe2 Nxc4 7. Qxc4 Qxd5 8.
Qxd5 Nxd5 9. b3 Bc5 10. Bb2 O-O 11. Bxe5 Re8 12. Nf3 f6 13. d4 Bd6 14. c4 Nb4
15. Na3 fxe5 16. d5 e4 17. Nd4 Nd3+ 18. Kd2 Bxa3 19. f3 Bb2 20. Rab1 Bxd4 21.
fxe4 Nc5 22. Rhe1 Nxe4+ 23. Kd3 Bc5 24. Rxe4 Bf5 0-1

[Event "AUTO-BEG-398"]
[Site "http://www.queenalice.com/game.php?id=821277"]
[Date "2010.8.21"]
[Round "2"]
[White "cruiseymorph"]
[Black "pacomar16"]
[Result "0-1"]
[WhiteElo "1750"]
[BlackElo "1292"]

1. e4 e5 2. f4 exf4 3. Nf3 Nc6 4. Bc4 Nf6 5. Ng5 d5 6. exd5 Na5 7. Qe2+ Qe7 8.
O-O Nxc4 9. Qxc4 Bf5 10. Rxf4 Bd7 11. Ne4 b5 12. Qxc7 Qd8 13. Qe5+ Qe7 14. Nd6+
Kd8 15. d4 Ng4 16. Qxe7+ Bxe7 17. Nxf7+ Kc7 18. Nxh8 Rxh8 19. Bd2 Bg5 20. Rf7
Rd8 21. Bxg5 Re8 22. g3 Nf6 23. Bxf6 Kb6 24. Rxd7 gxf6 25. Rxh7 Rb8 0-1

[Event "AUTO-BEG-398"]
[Site "http://www.queenalice.com/game.php?id=821278"]
[Date "2010.8.21"]
[Round "2"]
[White "pacomar16"]
[Black "cruiseymorph"]
[Result "1-0"]
[WhiteElo "1322"]
[BlackElo "1720"]

1. d4 g6 2. e4 Bg7 3. Nf3 d6 4. Nc3 Nf6 5. Bc4 O-O 6. Bf4 Bd7 7. e5 dxe5 8. Ng5
exf4 9. Nxf7 Rxf7 10. Qf3 Nh5 11. g4 fxg3 12. Bxf7+ Kh8 13. fxg3 e5 14. dxe5 Bc6
15. Qd3 Qxd3 16. cxd3 Bxh1 17. Kf2 Bc6 18. e6 Bxc3 19. bxc3 Nf6 20. g4 Be8 21.
g5 Bxf7 22. exf7 Nfd7 23. c4 Kg7 24. Ke2 Kxf7 25. Rf1+ Kg7 26. d4 1-0